| LEADER |
00747nam0a2200205 450 |
| 001 |
16830672 |
| 010 |
|
|
|a 978-2-3903-4003-4
|b rel.
|d 5,9
|
| 100 |
|
|
|a 20180215d2018 u u0frey01 ba
|
| 101 |
0 |
|
|a fre
|
| 102 |
|
|
|a BE
|
| 200 |
0 |
|
|a Guerre des tranchées (La)
|f textes, Fabrice Erre
|g dessins, Sylvain Savoia
|
| 207 |
|
1 |
|a
|
| 210 |
|
|
|a Paris
|b 57, bd de La Villette
|c Dupuis
|d 2018
|
| 215 |
|
|
|a 1 vol. (43 p.)
|c ill. en coul.
|d 17 cm
|
| 461 |
|
0 |
|t Le fil de l'histoire raconté par Ariane & Nino
|
| 700 |
|
0 |
|a Erre
|b Fabrice
|f 1973-....
|4 70
|
| 702 |
|
0 |
|a Savoia
|b Sylvain
|f 1969-....
|4 440
|
| 900 |
|
|
|a Bande Dessinée enfant ado
|
| 901 |
|
|
|a Accessible au prêt
|
| 995 |
|
|
|a Bibliothèque
|c Bibliothèque
|f 024019164
|h 024019164
|k BD FAB
|o p
|q j
|r az
|e Bibliothèque
|